000 00327nam a22001337a 4500
082 _a617.672 ,P14P
100 _aPRAKASH ,VIJAY
245 _aPROSTHODONTICS : EXAM PREPARATORY MANUAL FOR UNDERGRADUATE
250 _a1ST
260 _aNEW DELHI
_bELSEVIER
_c2014
300 _a598
650 _aPROSTHODONTICS
942 _2ddc
_cBK
999 _c9810
_d9810